000 00482nam a22001577a 4500
999 _c40611
_d40611
003 OSt
005 20210127115534.0
008 191015b ||||| |||| 00| 0 eng d
020 _a9789352832187
040 _coclc
082 _a153.43
_bAGG/M
100 _aAggarwal, R S
_96530
245 _aA Modern Approach to Non-Verbal Reasoning /
_cR S Aggarwal
260 _aNew Delhi:
_bS Chand and Company,
_c2018,
942 _2ddc
_cREF
_h153.43
_iAGG/M
_k153.43
_mAGG/M